Polskie Miasta o Największej Przestępczości - Statystyki

Ogólne statystyki
  • Ten quiz został rozwiązany 282 razy
  • Średni wynik to 3 z 10
Statystyki odpowiedzi
Lp. Przestępstwa Województwo Odpowiedź % Poprawnych
1. 71,8 małopolskie Tarnów
60%
10. 43,0 małopolskie Nowy Sącz
56%
8. 46,9 dolnośląskie Legnica
52%
5. 50,0 małopolskie Zakopane
52%
7. 49,3 dolnośląskie Jelenia Góra
32%
3. 60,7 kujawsko-pomorskie Inowrocław
30%
4. 60,1 małopolskie Bochnia
21%
9. 44,2 mazowieckie Ostrołęka
13%
2. 64,5 śląskie Piekary Śląskie
13%
6. 49,9 zachodniopomorskie Choszczno
5%
Nie znaleziono quizów pasujących do podanych kryteriów
Rozkład punktacji
Procent ludzi z każdym wynikiem
Percentyl według liczby udzielonych odpowiedzi
Twoja historia wyników
Nie rozwiązałeś tego quizu